000
00155nam a22000857a 4500
082
_a
823
100
_a
UNKNOWN
245
_a
JACK AND THE BEANSTALK
942
_c
BK
999
_c
8229
_d
8229